| 000 | 00872nam a22002177a 4500 | ||
|---|---|---|---|
| 999 |
_c21990 _d21990 |
||
| 003 | AR-CdUCM | ||
| 008 | 190425b ||||| |||| 00| 0 spa d | ||
| 040 |
_aMUNICIPALIDAD PROVINCIAL DEL CUSCO _cBIBLIOTECA MUNICIPAL DEL CUSCO |
||
| 082 | _aFEDU/N°1/1995 | ||
| 110 |
_aUniversidad Nacional de San Antonio Abad del Cusco _915942 |
||
| 245 |
_aResúmenes de investigaciones FEDU : _bÓrgano Oficial Consejo de Investigación / |
||
| 260 |
_aCusco. _bUNSAAC, _c1995. |
||
| 300 |
_a233 páginas. : _c21 cm. |
||
| 440 |
_aResumenes de Investigación FEDU _nPublicación Científica N°1, noviembre 1996 _947082 |
||
| 500 | _aResúmenes de investigaciones de la UNSAAC | ||
| 505 | _aContenido: Instituto de Investigación de la Facultad de Agronomía y Zootecnia... | ||
| 650 |
_aInvestigaciones _941635 |
||
| 650 |
_aArtículos _919045 |
||
| 942 |
_2ddc _cPP |
||
| 945 | _arac | ||